صلاح الدين الأيوبي / (رقم التسجيلة. 32325)
[ عرض عادي ]
| 000 -LEADER | |
|---|---|
| fixed length control field | 00586nam a22001817a 4500 |
| 005 - DATE AND TIME OF LATEST TRANSACTION | |
| control field | 20251108165828.0 |
| 008 - FIXED-LENGTH DATA ELEMENTS--GENERAL INFORMATION | |
| fixed length control field | 250721s9999 xx 000 0 ara d |
| 082 14 - DEWEY DECIMAL CLASSIFICATION NUMBER | |
| Classification number | ط/923.5/دند |
| 100 1# - MAIN ENTRY--PERSONAL NAME | |
| Personal name | دندشي، محمد محمود |
| 245 10 - TITLE STATEMENT | |
| Title | صلاح الدين الأيوبي / |
| 264 1# - PRODUCTION, PUBLICATION, DISTRIBUTION, MANUFACTURE, AND COPYRIGHT NOTICE | |
| Place of production, publication, distribution, manufacture | طرابلس ( لبنان ) : |
| Name of producer, publisher, distributor, manufacturer | دار الشمال للطباعة و النشر و التوزيع، |
| Date of production, publication, distribution, manufacture, or copyright notice | [19-]. |
| 300 ## - PHYSICAL DESCRIPTION | |
| Extent | 96ص. |
| 490 0# - SERIES STATEMENT | |
| Series statement | عظماء العرب |
| 650 17 - SUBJECT ADDED ENTRY--TOPICAL TERM | |
| Topical term or geographic name as entry element | التراجم |
| 653 ## - INDEX TERM--UNCONTROLLED | |
| Uncontrolled term | ناشئون صغار (10-14) سنة |
| 942 ## - ADDED ENTRY ELEMENTS (KOHA) | |
| Source of classification or shelving scheme | Dewey Decimal Classification |
| Koha item type | كتب |
| حالة السحب | حالة الفقدان | مصدر التصنيف | حالة التلف | غير قابل للإعارة | المكتبة الرئيسية | المكتبة الحالية | موقع الرف | تاريخ التزويد | الرقم المتسلسل | Total Checkouts | رقم الإستدعاء | تاريخ آخر ظهور | تاريخ الفاتورة | نوع المادة (كوها) |
|---|---|---|---|---|---|---|---|---|---|---|---|---|---|---|
| Dewey Decimal Classification | Unchecked | مكتبة الاميرة بديعة | مكتبة الاميرة بديعة | الأطفال | 06/07/2004 | 1244 | ط/923.5/دند | 28/07/2025 | 06/07/2004 | كتب | ||||
| Dewey Decimal Classification | Unchecked | مكتبة الجويدة | مكتبة الجويدة | الأطفال | 06/07/2004 | 1217 | ط/923.5/دند | 28/07/2025 | 06/07/2004 | كتب | ||||
| Dewey Decimal Classification | Unchecked | مكتبة الحسن العامة | مكتبة الحسن العامة | الأطفال | 06/07/2004 | 2298 | ط/923.5/دند | 28/07/2025 | 06/07/2004 | كتب | ||||
| Dewey Decimal Classification | Unchecked | مكتبة الحسن العامة | مكتبة الحسن العامة | الأطفال | 06/07/2004 | 3129 | ط/923.5/دند | 28/07/2025 | 06/07/2004 | كتب | ||||
| Dewey Decimal Classification | Unchecked | مكتبة الراية الهاشمية للأطفال | مكتبة الراية الهاشمية للأطفال | الإعارة | 28/07/2025 | 295813 | ط/923.5/دند | 28/07/2025 | 28/07/2025 | كتب | ||||
| Dewey Decimal Classification | Unchecked | مكتبة حمزة العامة | مكتبة حمزة العامة | الأطفال | 06/07/2004 | 637 | ط/923.5/دند | 28/07/2025 | 06/07/2004 | كتب | ||||
| Dewey Decimal Classification | Unchecked | مكتبة صويلح العامة | مكتبة صويلح العامة | الأطفال | 06/07/2004 | 2921 | ط/923.5/دند | 28/07/2025 | 06/07/2004 | كتب |